関係のない旧国名のつく駅名 - Statistics

General Stats
  • This quiz has been taken 247 times
  • The average score is 38 of 81
Answer Stats
国名 駅名 都道府県 % Correct
大和 大和 茨城県
97%
大和 大和 神奈川県
97%
上野 上野 東京都
93%
淡路 淡路 大阪府
87%
伊賀 伊賀 福岡県
83%
信濃 信濃町 東京都
82%
上野 上野御徒町 東京都
79%
河内 河内 広島県
78%
伊勢 伊勢崎 群馬県
77%
淡路 淡路町 東京都
77%
伊勢 伊勢原 神奈川県
75%
安芸 安芸 高知県
75%
上野 伊賀上野 三重県
74%
越中 越中島 東京都
72%
日向 日向 千葉県
72%
上野 上野広小路 東京都
71%
三河 三河島 東京都
69%
出雲 出雲崎 新潟県
68%
上野 上野原 山梨県
65%
能登 能登川 滋賀県
64%
肥後 肥後橋 大阪府
64%
上野 京成上野 東京都
60%
上野 上野市 三重県
60%
大和 甲斐大和 山梨県
59%
阿波 阿波座 大阪府
59%
石見 石見 奈良県
56%
播磨 播磨 三重県
55%
三河 新三河島 東京都
54%
岩代 岩代 和歌山県
54%
磐城 磐城 奈良県
54%
大和 東大和市 東京都
53%
伊勢 新伊勢崎 群馬県
53%
武蔵 宮本武蔵 岡山県
52%
淡路 JR淡路 大阪府
52%
大和 武蔵大和 東京都
51%
丹波 丹波口 京都府
51%
和泉 和泉多摩川 東京都
50%
越前 三越前 東京都
50%
但馬 但馬 奈良県
50%
大和 大和田 埼玉県
47%
大和 大和田 静岡県
47%
大和 大和田 大阪府
47%
山城 山城 三重県
46%
日向 日向和田 東京都
45%
伊勢 今伊勢 愛知県
44%
伊勢 伊勢佐木長者町 神奈川県
42%
丹波 丹波橋 京都府
42%
上野 上野幌 北海道
41%
加賀 北加賀屋 大阪府
39%
伊勢 伊勢田 京都府
37%
丹波 近鉄丹波橋 京都府
37%
上野 甲斐上野 山梨県
36%
武蔵 武蔵塚 熊本県
35%
大和 大和川 大阪府
34%
河内 大河内 山口県
32%
大和 京成大和田 千葉県
31%
石見 上石見 鳥取県
29%
和泉 東武和泉 栃木県
27%
和泉 薩摩今和泉 鹿児島県
27%
伊賀 伊賀屋 佐賀県
27%
河内 三河内 長崎県
26%
三河 三河内 長崎県
26%
上野 上野毛 東京都
26%
上野 伊勢上野 三重県
25%
河内 北河内 山口県
21%
河内 北河内 徳島県
21%
上野 上野間 愛知県
21%
上野 上野芝 大阪府
21%
大和 郡上大和 岐阜県
20%
山城 平山城址公園 東京都
20%
河内 浜河内 山口県
18%
河内 南河内 山口県
18%
下野 下野宮 茨城県
17%
山城 飛山城跡 栃木県
14%
上野 上野目 宮城県
14%
上野 豊津上野 三重県
14%
下野 下野代 三重県
13%
河内 山河内 徳島県
11%
河内 杉河内 大分県
11%
上野 上野尻 福島県
9%
上野 上野部 静岡県
7%
No matching quizzes found
Score Distribution
Percent of People with Each Score
Percentile by Number Answered
Your Score History
You have not taken this quiz